000 00340nam a2200157Ia 4500
100 _aMishra/ Chandrasekaran
250 _a2
942 _cBK
654 _acomputer science
245 _aTheory of Computer Science
260 _bPrentice Hall of India
_c2004
082 _a4.1
_bMIS
300 _a304
546 _aENGLISH
999 _c30820
_d30820